Yhdistetyt valtiot #6 - Statistics

Yleistilastot
  • Tätä visaa on pelattu 2 438 kertaa
  • Keskiarvotulos 12 / 20
Vastaukset kartalla
Vastauksille on annettu kartalla punavihreä väri sen mukaan, kuinka moni on saanut sen oikein.
 
Vastaustilastot
Yhdistetyt valtiot % Oikein
Suomi
95%
Venäjä
91%
Turkki
77%
Syyria
68%
Kiina
65%
Venezuela
62%
Etelä-Sudan
60%
Keski-Afrikan tasavalta
60%
Guyana
59%
Intia
59%
Afganistan
58%
Honduras
55%
Nicaragua
55%
Turkmenistan
55%
Myanmar
54%
Kirgisia
51%
Nigeria
48%
Slovakia
48%
Unkari
48%
Benin
45%
Ehtoja vastaavia visoja ei löytynyt
Tulosjakauma
Jokaisen tuloksen saaneiden osuus
Persentiili vastausten määrän mukaan
Tuloshistoriasi
Et ole pelannut tätä visaa